Normal view
MARC view
- العلاقات العامة-ادارة
Entry Topical Term
001 - CONTROL NUMBER
- control field: 62214
003 - CONTROL NUMBER IDENTIFIER
- control field: JO-AjAnu
005 - DATE AND TIME OF LATEST TRANSACTION
- control field: 20230606084148.0
008 - FIXED-LENGTH DATA ELEMENTS
- fixed length control field: 230606|| aca||aabn | a|a d
040 ## - CATALOGING SOURCE
- Original cataloging agency: JO-AjAnu
- Transcribing agency: JO-AjAnu
150 ## - HEADING--TOPICAL TERM
- Topical term or geographic name entry element: العلاقات العامة-ادارة
670 ## - SOURCE DATA FOUND
- Source citation: Work cat.: (JO-AjAnu)31729: الزعبي، علي فلاح مفلح، م.مشارك مروان بدر السميعات, author 62213, ادارة العلاقات العامة: مدخل صناعة العلاقات العامة